000 00556naa a2200145Ia 4500
003 ES-SlBCS
005 20210601151845.0
008 140520s1993 xxu||||| |||| 00| 0 spa d
041 _aspa
100 1 _aFolgar de la Calle, María del Carmen
_9234818
245 0 0 _aLos conventos
_cMaría del Carmen Folgar De La Calle
651 4 _aSantiago de Compostela-Conventos
_9339001
773 0 _tSantiago de Compostela : Patrimonio Histórico Gallego.-Ciudades / José Manuel García Iglesias
_dLa Coruña : Xuntanza, 1993
_g, págs. 317-355
_wVA47931
942 _cAC
999 _c765144
_d765144